[Event "43. Torneo de Ajedrez Villa de Mislata"]
[Site "Mislata ESP"]
[Date "2009.08.29"]
[Round "8.15"]
[White "Sanchez Perona, Alejandro"]
[Black "Marholev, Dimitar"]
[Result "0-1"]
[WhiteElo "2129"]
[BlackElo "2364"]
[PlyCount "69"]
[EventDate "2009.08.24"]
[EventType "swiss"]
[EventRounds "9"]
[EventCountry "ESP"]
[Source "lmi"]
[SourceDate "2009.08.24"]

1. d4 d6 2. Bf4 Nf6 3. Nf3 g6 4. h3 Bg7 5. e3 O-O 6. Bc4 a6 7. a4 b6 8. O-O Bb7
9. Nbd2 c5 10. c3 Nc6 11. Qe2 d5 12. Bd3 e6 13. Bh2 Nd7 14. Rfd1 Re8 15. Bc2
Qe7 16. Rab1 e5 17. dxe5 Ncxe5 18. Nxe5 Nxe5 19. Qf1 Rad8 20. Bd3 Nxd3 21. Qxd3
d4 22. exd4 cxd4 23. c4 Bc6 24. b3 Qb7 25. Qf1 Bh6 26. Kh1 d3 27. c5 b5 28.
axb5 Bxb5 29. b4 Qd7 30. Kg1 Qd4 31. Bd6 Re2 32. Nb3 Qe4 33. f3 Qe3+ 34. Kh1
Rf2 35. Qxd3 0-1

[Event "43. Torneo de Ajedrez Villa de Mislata"]
[Site "Mislata ESP"]
[Date "2009.08.29"]
[Round "8.16"]
[White "Berrocal, Jorge"]
[Black "Molina, Jorge"]
[Result "0-1"]
[WhiteElo "2322"]
[BlackElo "2129"]
[PlyCount "81"]
[EventDate "2009.08.24"]
[EventType "swiss"]
[EventRounds "9"]
[EventCountry "ESP"]
[Source "lmi"]
[SourceDate "2009.08.24"]

1. e4 c6 2. d4 d5 3. Nd2 dxe4 4. Nxe4 Bf5 5. Ng3 Bg6 6. h4 h6 7. Nf3 Nd7 8. h5
Bh7 9. Bd3 Bxd3 10. Qxd3 Ngf6 11. Bf4 Qa5+ 12. Bd2 Qc7 13. O-O-O e6 14. Ne4
O-O-O 15. c4 Nxe4 16. Qxe4 Nf6 17. Qe2 c5 18. Rh4 cxd4 19. Nxd4 a6 20. Nf3 Be7
21. Bc3 Rxd1+ 22. Kxd1 Rd8+ 23. Kc2 Nd7 24. Rg4 Bf6 25. Bxf6 gxf6 26. b4 Qc6
27. Kb3 Nb6 28. a3 e5 29. Qc2 Kb8 30. Re4 Qa4+ 31. Kb2 Qd7 32. g4 Rg8 33. Nh2
f5 34. gxf5 Qxf5 35. Qe2 f6 36. Ng4 Qxh5 37. Nxf6 Qxe2+ 38. Rxe2 Rf8 39. Ne4
Nxc4+ 40. Kb3 b5 41. Nd2 0-1

[Event "43. Torneo de Ajedrez Villa de Mislata"]
[Site "Mislata ESP"]
[Date "2009.08.29"]
[Round "8.17"]
[White "Jordan Arenas, Manuel"]
[Black "Torres Sanchez, Jose"]
[Result "0-1"]
[WhiteElo "2120"]
[BlackElo "2322"]
[PlyCount "48"]
[EventDate "2009.08.24"]
[EventType "swiss"]
[EventRounds "9"]
[EventCountry "ESP"]
[Source "lmi"]
[SourceDate "2009.08.24"]

1. e4 e5 2. Nf3 Nc6 3. Bb5 f5 4. Nc3 Nf6 5. exf5 Bc5 6. O-O O-O 7. Nxe5 Nd4 8.
Ba4 d6 9. Nf3 Bxf5 10. Nxd4 Bxd4 11. d3 Ng4 12. Qf3 Be6 13. Qe4 Qh4 14. h3
Bxf2+ 15. Kh1 Bf5 16. Qf3 Bc5 17. Bb3+ Kh8 18. Bf4 Nf2+ 19. Kh2 Bxh3 20. gxh3
Rxf4 21. Qg2 Raf8 22. Be6 Rf3 23. Ne2 Be3 24. Rae1 Qf6 0-1

[Event "43. Torneo de Ajedrez Villa de Mislata"]
[Site "Mislata ESP"]
[Date "2009.08.29"]
[Round "8.18"]
[White "Gomez Jurado, Luis Alberto"]
[Black "Gerasimovitch, Olga"]
[Result "1-0"]
[WhiteElo "2282"]
[BlackElo "2128"]
[PlyCount "85"]
[EventDate "2009.08.24"]
[EventType "swiss"]
[EventRounds "9"]
[EventCountry "ESP"]
[Source "lmi"]
[SourceDate "2009.08.24"]

1. d4 d5 2. Nf3 Nf6 3. c4 c6 4. Nc3 dxc4 5. a4 Bf5 6. Nh4 e6 7. Nxf5 exf5 8. e3
Nbd7 9. Bxc4 Nb6 10. Bd3 g6 11. h3 Qd7 12. Qf3 Be7 13. a5 Nbd5 14. Nxd5 Qxd5
15. Qxd5 Nxd5 16. Bd2 a6 17. g4 fxg4 18. hxg4 O-O 19. O-O-O Rad8 20. Bc2 Rfe8
21. g5 Bf8 22. Rh3 Nb4 23. Rdh1 Nxc2 24. Rxh7 Bg7 25. Kxc2 Rd5 26. f4 c5 27.
dxc5 Rxc5+ 28. Bc3 Bxc3 29. bxc3 Kf8 30. Rh8+ Ke7 31. Rxe8+ Kxe8 32. Rb1 Rc7
33. Rb4 Kd7 34. Kd3 Ke8 35. Rb6 Kd8 36. c4 Rd7+ 37. Kc3 Rc7 38. e4 Rd7 39. c5
Re7 40. Kd4 Rd7+ 41. Ke5 Re7+ 42. Kd5 Kc7 43. c6 1-0

[Event "43. Torneo de Ajedrez Villa de Mislata"]
[Site "Mislata ESP"]
[Date "2009.08.29"]
[Round "8.19"]
[White "Rabineau, Clement"]
[Black "Schalk, Martin"]
[Result "1-0"]
[WhiteElo "2263"]
[BlackElo "2102"]
[PlyCount "69"]
[EventDate "2009.08.24"]
[EventType "swiss"]
[EventRounds "9"]
[EventCountry "ESP"]
[Source "lmi"]
[SourceDate "2009.08.24"]

1. e4 c5 2. Nf3 Nc6 3. Nc3 g6 4. Bb5 Bg7 5. O-O d6 6. Re1 e5 7. a3 Nge7 8. b4
b6 9. Nd5 O-O 10. Bxc6 Nxc6 11. d3 Bg4 12. h3 Bxf3 13. Qxf3 Nd4 14. Qd1 Qh4 15.
c3 Ne6 16. Qg4 Qxg4 17. hxg4 Nf4 18. Bxf4 exf4 19. Rac1 g5 20. b5 Rfd8 21. a4
a6 22. a5 axb5 23. axb6 Ra3 24. Ra1 Rxa1 25. Rxa1 Rb8 26. Ne7+ Kh8 27. b7 Rxb7
28. Ra8+ Bf8 29. Rxf8+ Kg7 30. Rg8+ Kf6 31. Nd5+ Ke6 32. Re8+ Kd7 33. Re7+ Kc6
34. Rxb7 Kxb7 35. Kf1 1-0

[Event "43. Torneo de Ajedrez Villa de Mislata"]
[Site "Mislata ESP"]
[Date "2009.08.29"]
[Round "8.20"]
[White "Garijo Martinez, Jose Enrique"]
[Black "Sanchez Romero, Miguel Angel"]
[Result "0-1"]
[WhiteElo "2093"]
[BlackElo "2251"]
[PlyCount "100"]
[EventDate "2009.08.24"]
[EventType "swiss"]
[EventRounds "9"]
[EventCountry "ESP"]
[Source "lmi"]
[SourceDate "2009.08.24"]

1. e4 e5 2. Nf3 Nc6 3. Bb5 a6 4. Bxc6 dxc6 5. O-O Bg4 6. h3 h5 7. d3 Qf6 8. Be3
Bxf3 9. Qxf3 Qxf3 10. gxf3 Bd6 11. Nd2 Ne7 12. Kh1 f6 13. Rg1 Kf7 14. Nc4 g5
15. d4 exd4 16. Nxd6+ cxd6 17. Bxd4 Ng6 18. Be3 Rad8 19. Rad1 Rd7 20. Rd2 Ne5
21. Kg2 Ke6 22. b3 Rg8 23. Rgd1 b5 24. Kg3 Rf8 25. Rd4 f5 26. Bxg5 f4+ 27. Kg2
h4 28. Bh6 Rf6 29. Bxf4 Rxf4 30. Kf1 Nxf3 31. R4d3 Ne5 32. Re3 b4 33. Ke2 Rdf7
34. Rf1 Nf3 35. Kd3 c5 36. c3 bxc3 37. Kxc3 Ne5 38. Re2 Rf3+ 39. Kc2 R7f4 40.
Rg1 Rxf2 41. Rxf2 Rxf2+ 42. Kb1 Rh2 43. Rg8 Rxh3 44. Re8+ Kd7 45. Ra8 Rg3 46.
Rxa6 h3 47. Ra7+ Kc6 48. Rh7 Nf3 49. Kb2 h2 50. Ka3 Rg1 0-1

[Event "43. Torneo de Ajedrez Villa de Mislata"]
[Site "Mislata ESP"]
[Date "2009.08.30"]
[Round "9.1"]
[White "Garcia Molla, Victor Manuel"]
[Black "Korneev, Oleg"]
[Result "0-1"]
[WhiteElo "2328"]
[BlackElo "2537"]
[PlyCount "92"]
[EventDate "2009.08.24"]
[EventType "swiss"]
[EventRounds "9"]
[EventCountry "ESP"]
[Source "lmi"]
[SourceDate "2009.08.24"]

1. d4 d5 2. c4 e6 3. Nc3 c6 4. Nf3 Nf6 5. cxd5 exd5 6. Qc2 g6 7. Bg5 Be7 8. e3
Bf5 9. Bd3 Bxd3 10. Qxd3 Nbd7 11. Bh6 Bf8 12. Bf4 Be7 13. Bh6 Ng4 14. Bf4 O-O
15. h3 Ngf6 16. O-O Re8 17. Rab1 a5 18. Bh2 Bf8 19. Qc2 Nb6 20. Ne5 Nfd7 21.
Nd3 Nc4 22. Rbe1 Bd6 23. e4 Bxh2+ 24. Kxh2 dxe4 25. Nxe4 Nd6 26. Ndc5 Nxe4 27.
Rxe4 Qc7+ 28. Kg1 Nf6 29. Re5 b6 30. Ne4 Nxe4 31. Qxe4 Rxe5 32. dxe5 Re8 33. f4
Qd7 34. Re1 Rd8 35. Re2 Qd4+ 36. Qxd4 Rxd4 37. g3 Kf8 38. Kf2 Ke7 39. Ke3 c5
40. Rd2 Rxd2 41. Kxd2 Ke6 42. a4 Kd5 43. Kd3 c4+ 44. Ke3 h6 45. Kf3 b5 46. axb5
c3 0-1

[Event "43. Torneo de Ajedrez Villa de Mislata"]
[Site "Mislata ESP"]
[Date "2009.08.30"]
[Round "9.2"]
[White "Ortiz, Isam"]
[Black "Gomez Garrido, Camilo"]
[Result "1/2-1/2"]
[WhiteElo "2504"]
[BlackElo "2461"]
[PlyCount "23"]
[EventDate "2009.08.24"]
[EventType "swiss"]
[EventRounds "9"]
[EventCountry "ESP"]
[Source "lmi"]
[SourceDate "2009.08.24"]

1. c4 c5 2. Nf3 Nc6 3. g3 g6 4. Bg2 Bg7 5. O-O e5 6. Nc3 Nge7 7. d3 O-O 8. Ne1
d6 9. Nc2 a5 10. Ne3 f5 11. Ned5 Be6 12. Bg5 1/2-1/2

[Event "43. Torneo de Ajedrez Villa de Mislata"]
[Site "Mislata ESP"]
[Date "2009.08.30"]
[Round "9.3"]
[White "Guerra Mendez, Jose Angel"]
[Black "Prie, Eric"]
[Result "1-0"]
[WhiteElo "2408"]
[BlackElo "2491"]
[PlyCount "70"]
[EventDate "2009.08.24"]
[EventType "swiss"]
[EventRounds "9"]
[EventCountry "ESP"]
[Source "lmi"]
[SourceDate "2009.08.24"]

1. e4 d5 2. exd5 Qxd5 3. Nc3 Qa5 4. d4 Nf6 5. Bc4 Bg4 6. f3 Bf5 7. Nge2 Nbd7 8.
O-O e6 9. Bd2 c6 10. Nd5 Qd8 11. Ne3 Bg6 12. f4 Nb6 13. Bb3 Qd7 14. c3 Be7 15.
Ng3 Bd3 16. Rf3 h5 17. Be1 Bh7 18. Bc2 h4 19. Ngf1 Bxc2 20. Qxc2 h3 21. g3 c5
22. dxc5 Bxc5 23. b4 Bxe3+ 24. Nxe3 Qc6 25. Qe2 Qe4 26. Rd1 Rd8 27. Rxd8+ Kxd8
28. Qf2 Kc8 29. g4 Kb8 30. Qf1 Nbd5 31. Nxd5 exd5 32. g5 Ng4 33. Bd2 d4 34. Qd3
Qd5 35. Rg3 f5 1-0

[Event "43. Torneo de Ajedrez Villa de Mislata"]
[Site "Mislata ESP"]
[Date "2009.08.30"]
[Round "9.4"]
[White "Fernandez Cardoso, Alexey"]
[Black "Abreu Delgado, Aryam"]
[Result "0-1"]
[WhiteElo "2419"]
[BlackElo "2487"]
[PlyCount "78"]
[EventDate "2009.08.24"]
[EventType "swiss"]
[EventRounds "9"]
[EventCountry "ESP"]
[Source "lmi"]
[SourceDate "2009.08.24"]

1. e4 c5 2. Nf3 d6 3. d4 cxd4 4. Nxd4 Nf6 5. Nc3 a6 6. Bd3 g6 7. f4 Qc7 8. Nf3
Nbd7 9. O-O Bg7 10. Qe1 O-O 11. Kh1 e6 12. Qh4 b5 13. a3 Bb7 14. f5 Rae8 15.
Bg5 exf5 16. exf5 d5 17. a4 bxa4 18. Rxa4 Ne4 19. Be7 Bf6 20. Bxf6 Ndxf6 21.
Nxe4 dxe4 22. Qxf6 exd3 23. cxd3 Bxf3 24. gxf3 Qc2 25. Rf4 Re2 26. Qh4 Rb8 27.
Rg1 Qxb2 28. d4 Qb1 29. Qg3 Rc2 30. Re4 Qb6 31. d5 Qd8 32. fxg6 hxg6 33. Re6
Kf8 34. Rd6 Qc7 35. Qf4 Rbb2 36. Qh6+ Ke7 37. Re1+ Kxd6 38. Qf4+ Kd7 39. Qxf7+
Kc8 0-1

[Event "43. Torneo de Ajedrez Villa de Mislata"]
[Site "Mislata ESP"]
[Date "2009.08.30"]
[Round "9.5"]
[White "Gongora Reyes, Maikel"]
[Black "Gomez Ledo, Roberto Carlos"]
[Result "1-0"]
[WhiteElo "2446"]
[BlackElo "2404"]
[PlyCount "134"]
[EventDate "2009.08.24"]
[EventType "swiss"]
[EventRounds "9"]
[EventCountry "ESP"]
[Source "lmi"]
[SourceDate "2009.08.24"]

1. d4 Nf6 2. c4 g6 3. Nc3 Bg7 4. e4 d6 5. Nf3 O-O 6. h3 c5 7. d5 e6 8. Bd3 exd5
9. cxd5 a6 10. a4 Re8 11. O-O Nbd7 12. Bf4 Qe7 13. Bh2 h6 14. Nd2 Ne5 15. Bc2
g5 16. f4 gxf4 17. Bxf4 Ng6 18. Bh2 Nd7 19. Kh1 Nde5 20. Qe2 b6 21. Ra3 Bd7 22.
Nd1 b5 23. Ne3 Nh4 24. Qf2 Rab8 25. axb5 Bxb5 26. Rb1 Kh8 27. g3 Nhg6 28. Nf5
Qf6 29. g4 Ne7 30. Bxe5 Qxe5 31. Nxg7 Kxg7 32. Rf3 Rf8 33. h4 Qd4 34. Qxd4+
cxd4 35. h5 Be2 36. Rg3 Rfc8 37. Bd3 Bxd3 38. Rxd3 Rc2 39. b3 Ng8 40. Rxd4 Nf6
41. Ra1 Rb6 42. Rg1 Nd7 43. Rg3 Ne5 44. Kg2 a5 45. Kh3 Rb4 46. Rxb4 axb4 47.
Nf1 Rf2 48. Ne3 Nf3 49. Nf5+ Kf6 50. Rg2 Ng5+ 51. Kh2 Rf3 52. Rg3 Rf2+ 53. Rg2
Rf3 54. Rg3 Rf2+ 55. Kg1 Ra2 56. Nxd6 Ke5 57. Nc4+ Kf4 58. Rd3 Nxe4 59. d6 Nc5
60. d7 Nxd7 61. Rxd7 Kxg4 62. Rxf7 Kxh5 63. Rb7 Kg4 64. Ne3+ Kf3 65. Nf1 Ke2
66. Rxb4 Kd3 67. Rb8 Rb2 1-0

[Event "43. Torneo de Ajedrez Villa de Mislata"]
[Site "Mislata ESP"]
[Date "2009.08.30"]
[Round "9.6"]
[White "Palencia, Wilson"]
[Black "Komljenovic, Davorin"]
[Result "0-1"]
[WhiteElo "2319"]
[BlackElo "2431"]
[PlyCount "94"]
[EventDate "2009.08.24"]
[EventType "swiss"]
[EventRounds "9"]
[EventCountry "ESP"]
[Source "lmi"]
[SourceDate "2009.08.24"]

1. e4 c5 2. Nf3 d6 3. d4 cxd4 4. Nxd4 Nf6 5. Nc3 a6 6. Bg5 e6 7. f4 h6 8. Bxf6
Qxf6 9. Qd2 Nc6 10. Nxc6 bxc6 11. Bd3 d5 12. e5 Qh4+ 13. g3 Qd8 14. Nd1 Qb6 15.
c3 a5 16. h4 a4 17. a3 Bc5 18. Qe2 Ba6 19. Bxa6 Qxa6 20. Rc1 O-O 21. Rh2 Qxe2+
22. Rxe2 Rfb8 23. Rcc2 h5 24. Nf2 Kh7 25. Nd3 Ba7 26. f5 exf5 27. e6 fxe6 28.
Rxe6 Re8 29. Rce2 Rxe6 30. Rxe6 Bb8 31. Kf2 c5 32. Kf3 c4 33. Nf4 Bxf4 34. Kxf4
Rb8 35. Ke5 Rxb2 36. Kxd5 Rb3 37. Kxc4 Rxa3 38. Re1 Ra2 39. Kb4 f4 40. gxf4 Rh2
41. c4 Rxh4 42. Re4 a3 43. Kxa3 g5 44. Re7+ Kg6 45. fxg5 Rxc4 46. Kb3 Rc8 47.
Re5 h4 0-1

[Event "43. Torneo de Ajedrez Villa de Mislata"]
[Site "Mislata ESP"]
[Date "2009.08.30"]
[Round "9.7"]
[White "Debray, Christopher"]
[Black "Gonzalez Rodriguez, Jorge Armando"]
[Result "0-1"]
[WhiteElo "2328"]
[BlackElo "2429"]
[PlyCount "69"]
[EventDate "2009.08.24"]
[EventType "swiss"]
[EventRounds "9"]
[EventCountry "ESP"]
[Source "lmi"]
[SourceDate "2009.08.24"]

1. d4 Nf6 2. c4 e6 3. Nc3 Bb4 4. Qc2 b6 5. e3 Bb7 6. Nf3 Ne4 7. Bd3 Bxc3+ 8.
bxc3 f5 9. O-O O-O 10. Ne1 d6 11. f3 Nf6 12. d5 exd5 13. cxd5 Bxd5 14. Bxf5
Nbd7 15. c4 Bf7 16. Nd3 Qe7 17. e4 Ne5 18. Nxe5 Qxe5 19. Be3 Rfe8 20. Qa4 a5
21. Rad1 Qc3 22. Rfe1 Qxc4 23. Qxc4 Bxc4 24. Rc1 b5 25. a4 Re7 26. Bd2 Ree8 27.
Rc3 Kf7 28. Ra1 c6 29. Rcc1 g6 30. Bh3 d5 31. exd5 Nxd5 32. axb5 cxb5 33. Rxa5
Rxa5 34. Bxa5 Nf4 35. Re1 0-1

[Event "43. Torneo de Ajedrez Villa de Mislata"]
[Site "Mislata ESP"]
[Date "2009.08.30"]
[Round "9.8"]
[White "Del Rio De Angelis, Salvador G"]
[Black "Sanchez Jerez, Emilio Miguel"]
[Result "1-0"]
[WhiteElo "2560"]
[BlackElo "2212"]
[PlyCount "109"]
[EventDate "2009.08.24"]
[EventType "swiss"]
[EventRounds "9"]
[EventCountry "ESP"]
[Source "lmi"]
[SourceDate "2009.08.24"]

1. d4 f5 2. e4 fxe4 3. Nc3 Nf6 4. Bg5 c6 5. Bxf6 exf6 6. Nxe4 Qe7 7. Qe2 Kf7 8.
d5 cxd5 9. Qh5+ g6 10. Qxd5+ Qe6 11. Bc4 Qxd5 12. Bxd5+ Kg7 13. Nf3 Nc6 14. O-O
f5 15. Ned2 Bc5 16. Rfe1 Kf6 17. c3 Ne7 18. Bb3 d5 19. Re2 a5 20. Rae1 Ra6 21.
Ba4 Re6 22. Ne5 Nc6 23. Nxc6 bxc6 24. Nb3 Rxe2 25. Rxe2 Ba6 26. Re1 Bb6 27.
Bxc6 Bc4 28. Rd1 Rd8 29. Nc1 Rd6 30. Ba4 Re6 31. Bc2 d4 32. b3 Be2 33. Re1 Ba6
34. Rxe6+ Kxe6 35. c4 Bb7 36. Kf1 Be4 37. Bd3 Bc7 38. f3 Bf4 39. fxe4 Bxc1 40.
Ke2 fxe4 41. Bxe4 Ke5 42. Bd3 Ba3 43. Kf3 Bd6 44. Kg4 Kf6 45. h4 Ke5 46. h5
gxh5+ 47. Kxh5 Kf4 48. Bxh7 Ke3 49. g4 d3 50. g5 d2 51. Bc2 Kd4 52. Kg6 Kc3 53.
Bd1 a4 54. bxa4 Kxc4 55. Kf7 1-0

[Event "43. Torneo de Ajedrez Villa de Mislata"]
[Site "Mislata ESP"]
[Date "2009.08.30"]
[Round "9.9"]
[White "Spassov, Liuben"]
[Black "Gomez Jurado, Luis Alberto"]
[Result "1-0"]
[WhiteElo "2427"]
[BlackElo "2282"]
[PlyCount "55"]
[EventDate "2009.08.24"]
[EventType "swiss"]
[EventRounds "9"]
[EventCountry "ESP"]
[Source "lmi"]
[SourceDate "2009.08.24"]

1. d4 Nf6 2. c4 c5 3. d5 b5 4. Qc2 bxc4 5. e4 d6 6. Bxc4 g6 7. Nf3 Bg7 8. O-O
O-O 9. h3 Nfd7 10. Bf4 Nb6 11. Nbd2 Nxc4 12. Nxc4 Ba6 13. Rab1 Nd7 14. Rfe1 Rb8
15. b3 Bxc4 16. Qxc4 Qa5 17. Qc2 Nb6 18. Rbd1 Rfc8 19. e5 dxe5 20. Nxe5 Nxd5
21. Nc6 Qc3 22. Qe4 Rxc6 23. Qxd5 Rbc8 24. Rxe7 Qf6 25. Bg5 Qf5 26. Qxc6 Rxc6
27. Re8+ Bf8 28. Bh6 1-0

[Event "43. Torneo de Ajedrez Villa de Mislata"]
[Site "Mislata ESP"]
[Date "2009.08.30"]
[Round "9.10"]
[White "Sanchez Romero, Miguel Angel"]
[Black "Vassallo Barroche, Mauricio"]
[Result "0-1"]
[WhiteElo "2251"]
[BlackElo "2409"]
[PlyCount "66"]
[EventDate "2009.08.24"]
[EventType "swiss"]
[EventRounds "9"]
[EventCountry "ESP"]
[Source "lmi"]
[SourceDate "2009.08.24"]

1. e4 g6 2. d4 Bg7 3. Nc3 d6 4. f4 a6 5. Nf3 b5 6. Bd3 Nd7 7. e5 c5 8. Be3 Bb7
9. Be4 Bxe4 10. Nxe4 Nh6 11. e6 fxe6 12. Neg5 Nf8 13. O-O Nf5 14. Bf2 cxd4 15.
Nxd4 Bxd4 16. Bxd4 Rg8 17. Bf2 Qd7 18. Re1 Rc8 19. a4 h6 20. Nf3 g5 21. fxg5
hxg5 22. c3 g4 23. Nd4 Nxd4 24. Bxd4 e5 25. Bf2 Ne6 26. Qd5 Rg7 27. axb5 Nf4
28. Qe4 Qxb5 29. Be3 Rf7 30. g3 Nh3+ 31. Kh1 Rc4 32. Qa8+ Kd7 33. Qxa6 Qd5# 0-1

[Event "43. Torneo de Ajedrez Villa de Mislata"]
[Site "Mislata ESP"]
[Date "2009.08.30"]
[Round "9.11"]
[White "Vitor, Antonio"]
[Black "Varley, Peter"]
[Result "1/2-1/2"]
[WhiteElo "2398"]
[BlackElo "2280"]
[PlyCount "101"]
[EventDate "2009.08.24"]
[EventType "swiss"]
[EventRounds "9"]
[EventCountry "ESP"]
[Source "lmi"]
[SourceDate "2009.08.24"]

1. b3 b6 2. Bb2 Bb7 3. e3 e6 4. Nf3 f5 5. h3 Nf6 6. g4 Qe7 7. Rg1 Nc6 8. Nc3
O-O-O 9. Nb5 Ne4 10. Qe2 Kb8 11. Nbd4 Nxd4 12. Nxd4 Qf7 13. f3 Nd6 14. f4 Rg8
15. Bg2 Ne4 16. O-O-O g6 17. d3 Nd6 18. Bxb7 Kxb7 19. Nf3 Bg7 20. Ne5 Qe8 21.
a4 Nf7 22. Qg2+ d5 23. Nxf7 Qxf7 24. Kb1 Qe7 25. e4 fxg4 26. Qxg4 Bxb2 27. Kxb2
Rgf8 28. Rde1 Qf6+ 29. Kb1 Rde8 30. exd5 exd5 31. Qd7 Qd4 32. Qxh7 Rxe1+ 33.
Rxe1 Rxf4 34. Qxg6 Qc3 35. Qg3 Rb4 36. Qe5 Rd4 37. h4 a5 38. Rh1 b5 39. Qe1
Qxe1+ 40. Rxe1 bxa4 41. Rh1 axb3 42. h5 bxc2+ 43. Kxc2 Rf4 44. h6 Rf8 45. h7
Rh8 46. Kb3 c5 47. Ka4 c4 48. d4 Kc6 49. Kxa5 c3 50. Kb4 c2 51. Rc1 1/2-1/2

[Event "43. Torneo de Ajedrez Villa de Mislata"]
[Site "Mislata ESP"]
[Date "2009.08.30"]
[Round "9.13"]
[White "Marholev, Dimitar"]
[Black "Rabineau, Clement"]
[Result "1-0"]
[WhiteElo "2364"]
[BlackElo "2263"]
[PlyCount "85"]
[EventDate "2009.08.24"]
[EventType "swiss"]
[EventRounds "9"]
[EventCountry "ESP"]
[Source "lmi"]
[SourceDate "2009.08.24"]

1. Nf3 g6 2. d4 Bg7 3. e4 d6 4. Bc4 Nf6 5. Qe2 c6 6. e5 Nd5 7. h3 O-O 8. O-O b5
9. Bb3 a5 10. c3 b4 11. c4 Nc7 12. Be3 Nd7 13. exd6 exd6 14. Bg5 Bf6 15. Bxf6
Qxf6 16. Nbd2 Re8 17. Qd3 d5 18. Rfe1 Ba6 19. Qc2 Rxe1+ 20. Rxe1 a4 21. Bxa4
Bxc4 22. Ne5 Nxe5 23. dxe5 Qf5 24. Qd1 c5 25. Bc6 Rxa2 26. Nxc4 dxc4 27. Qd8+
Kg7 28. Qxc7 Rxb2 29. Bf3 Rb1 30. Rxb1 Qxb1+ 31. Kh2 Qf5 32. e6 Qxe6 33. Qxc5
b3 34. Qd4+ Qf6 35. Qxc4 b2 36. Qb4 Qe5+ 37. g3 h5 38. Kg2 h4 39. g4 f5 40. g5
f4 41. Kh2 Kf7 42. Qb7+ Kg8 43. Bd5+ 1-0

[Event "43. Torneo de Ajedrez Villa de Mislata"]
[Site "Mislata ESP"]
[Date "2009.08.30"]
[Round "9.14"]
[White "Battaglini, Gabriel"]
[Black "Pena Riasco, Alexander"]
[Result "1-0"]
[WhiteElo "2345"]
[BlackElo "2239"]
[PlyCount "87"]
[EventDate "2009.08.24"]
[EventType "swiss"]
[EventRounds "9"]
[EventCountry "ESP"]
[Source "lmi"]
[SourceDate "2009.08.24"]

1. d4 Nf6 2. c4 g6 3. Nc3 Bg7 4. e4 d6 5. f3 O-O 6. Be3 e5 7. d5 c6 8. Qd2 cxd5
9. cxd5 a6 10. Bd3 Nbd7 11. Nge2 b5 12. b4 Nb6 13. a4 bxa4 14. Nxa4 Nfd7 15.
O-O f5 16. Rfc1 fxe4 17. fxe4 Nxa4 18. Rxa4 Nf6 19. h3 Bd7 20. Ra5 Bb5 21. Nc3
Rb8 22. Nxb5 axb5 23. Rc6 Nh5 24. Rxb5 Rxb5 25. Bxb5 Nf4 26. Bf1 Qf6 27. Rc1 g5
28. Be2 Qg6 29. Rc4 h5 30. Qd1 Ra8 31. Bxf4 exf4 32. Bxh5 Qf6 33. Bg4 Ra1 34.
Rc1 Qd4+ 35. Kh2 Qxd1 36. Rxd1 Rxd1 37. Bxd1 Bc3 38. b5 Bd4 39. h4 gxh4 40. Kh3
Kg7 41. Kxh4 Kf6 42. Kg4 Ke5 43. Bf3 Bb6 44. Kg5 1-0

[Event "43. Torneo de Ajedrez Villa de Mislata"]
[Site "Mislata ESP"]
[Date "2009.08.30"]
[Round "9.15"]
[White "Plaza Pardo, Daniel"]
[Black "Garcia Vasquez, Jhoel"]
[Result "0-1"]
[WhiteElo "2149"]
[BlackElo "2341"]
[PlyCount "64"]
[EventDate "2009.08.24"]
[EventType "swiss"]
[EventRounds "9"]
[EventCountry "ESP"]
[Source "lmi"]
[SourceDate "2009.08.24"]

1. e4 c5 2. Nf3 Nc6 3. d4 cxd4 4. Nxd4 Nf6 5. Nc3 g6 6. Be3 Bg7 7. Bc4 Qa5 8.
O-O O-O 9. Bb3 d6 10. h3 Bd7 11. f4 Rac8 12. Nf3 Qh5 13. Qd2 b5 14. a3 a5 15.
Ng5 h6 16. Nxf7 Rxf7 17. Bxf7+ Kxf7 18. Qd3 Kg8 19. Rf3 b4 20. Nd5 bxa3 21.
Rxa3 Nxd5 22. Qxd5+ Qxd5 23. exd5 Nd4 24. Bxd4 Bxd4+ 25. Kh2 Rxc2 26. Rxa5 Rxb2
27. Rd3 Bc5 28. Rd1 Kf7 29. Kh1 Bf5 30. Re1 h5 31. Ra8 Bf2 32. Rc1 Be4 0-1

[Event "43. Torneo de Ajedrez Villa de Mislata"]
[Site "Mislata ESP"]
[Date "2009.08.30"]
[Round "9.16"]
[White "Fenollar Jorda, Manuel"]
[Black "Carbonell Bofill, Carlos Eloy"]
[Result "1-0"]
[WhiteElo "2341"]
[BlackElo "2203"]
[PlyCount "61"]
[EventDate "2009.08.24"]
[EventType "swiss"]
[EventRounds "9"]
[EventCountry "ESP"]
[Source "lmi"]
[SourceDate "2009.08.24"]

1. d4 d5 2. Nf3 c6 3. e3 Nd7 4. c4 e6 5. Nbd2 f5 6. Bd3 Qf6 7. Qc2 Bd6 8. c5
Be7 9. O-O g5 10. b4 a5 11. b5 Nh6 12. bxc6 bxc6 13. Qa4 Bb7 14. Rb1 Ra7 15.
Ne5 Nf7 16. Nxc6 Bxc6 17. Qxc6 O-O 18. Qa4 e5 19. Bb5 Rd8 20. Bxd7 Rdxd7 21.
Rb8+ Bd8 22. dxe5 Qxe5 23. Qb5 a4 24. Nf3 Qc3 25. Nd4 Ne5 26. Bb2 Qc4 27. Qb6
Nf7 28. Qf6 Kf8 29. Nxf5 Qxc5 30. Rc1 Rdb7 31. Rxd8# 1-0

[Event "43. Torneo de Ajedrez Villa de Mislata"]
[Site "Mislata ESP"]
[Date "2009.08.30"]
[Round "9.17"]
[White "Torres Sanchez, Jose"]
[Black "Puerto Traver, Juan Manuel"]
[Result "1-0"]
[WhiteElo "2322"]
[BlackElo "2155"]
[PlyCount "48"]
[EventDate "2009.08.24"]
[EventType "swiss"]
[EventRounds "9"]
[EventCountry "ESP"]
[Source "lmi"]
[SourceDate "2009.08.24"]

1. e4 d6 2. Nc3 g6 3. f4 Bg7 4. Nf3 a6 5. d4 b5 6. a4 b4 7. Nb1 Nd7 8. c3 c5 9.
Bd3 Bb7 10. e5 Nh6 11. O-O O-O 12. Be3 Ng4 13. Qe2 Nxe3 14. Qxe3 Qb6 15. Nbd2
cxd4 16. cxd4 dxe5 17. fxe5 Rad8 18. a5 Qe6 19. Bc4 Qg4 20. h3 Qh5 21. Ne4 Bh6
22. Qe2 Nb8 23. Rad1 Bd5 24. Bxd5 Rxd5 1-0

[Event "43. Torneo de Ajedrez Villa de Mislata"]
[Site "Mislata ESP"]
[Date "2009.08.30"]
[Round "9.19"]
[White "Alonso Moyano, Jonathan"]
[Black "Castro Exposito, Cristobal"]
[Result "1-0"]
[WhiteElo "2365"]
[BlackElo "2027"]
[PlyCount "75"]
[EventDate "2009.08.24"]
[EventType "swiss"]
[EventRounds "9"]
[EventCountry "ESP"]
[Source "lmi"]
[SourceDate "2009.08.24"]

1. e4 e6 2. d4 d5 3. Nd2 Nf6 4. e5 Nfd7 5. f4 c5 6. c3 Nc6 7. Ndf3 Be7 8. Bd3
f6 9. Ne2 O-O 10. O-O c4 11. Bc2 b5 12. exf6 Nxf6 13. Ng3 Qb6 14. Ne5 Bd7 15.
Nxd7 Nxd7 16. Qg4 Nd8 17. Kh1 Nf6 18. Qe2 Bd6 19. f5 Bxg3 20. hxg3 exf5 21.
Rxf5 Nf7 22. Be3 Rae8 23. Qf3 Re6 24. Rf1 Rfe8 25. Bf4 Re2 26. Bd1 Re1 27. Kh2
Qe6 28. Rxe1 Qxe1 29. g4 Qh4+ 30. Qh3 Qxh3+ 31. Kxh3 Re1 32. Bf3 Rb1 33. g5
Rh1+ 34. Kg3 Nh5+ 35. Bxh5 Rxh5 36. Rxd5 a6 37. Rc5 g6 38. a4 1-0